Welcome to WEB OPAC of MRSPTU Central Library

Building in hot climate structural of geology and geological imapplying (Record no. 43)

MARC details
000 -LEADER
fixed length control field 00396nam a2200145Ia 4500
008 - FIXED-LENGTH DATA ELEMENTS--GENERAL INFORMATION
fixed length control field 230711s9999||||xx |||||||||||||| ||und||
041 ## - LANGUAGE CODE
Language code of text/sound track or separate title ENG
082 ## - DEWEY DECIMAL CLASSIFICATION NUMBER
Classification number 720
Item number ST-B
100 ## - MAIN ENTRY--PERSONAL NAME
Personal name Stall T.M
245 #0 - TITLE STATEMENT
Title Building in hot climate structural of geology and geological imapplying
250 ## - EDITION STATEMENT
Edition statement 1st
260 ## - PUBLICATION, DISTRIBUTION, ETC.
Date of publication, distribution, etc. 1990
Place of publication, distribution, etc. New Delhi
Name of publisher, distributor, etc. Nirja Const & Development co.Ltd
650 ## - SUBJECT ADDED ENTRY--TOPICAL TERM
Topical term or geographic name entry element Architecture
942 ## - ADDED ENTRY ELEMENTS (KOHA)
Koha item type Book
Holdings
Withdrawn status Lost status Damaged status Not for loan Collection Home library Current library Date acquired Total checkouts Full call number Barcode Date last seen Price effective from Koha item type
          MRSPTU Central Library MRSPTU Central Library     720 ST-B 478 08/17/2023 08/17/2023 Book
          MRSPTU Central Library MRSPTU Central Library     720 ST-B 479 08/17/2023 08/17/2023 Book
          MRSPTU Central Library MRSPTU Central Library     720 ST-B PBB478 08/17/2023 08/17/2023 Book
          MRSPTU Central Library MRSPTU Central Library     720 ST-B PBB479 08/17/2023 08/17/2023 Book

Website Designed and Developed by MRSPTU Central Library Team

E-mail Id: librarian@mrsptu.ac.in